LIBRARY ONLINE CATALOGUE

Blueprint 2 : (Record no. 7505)

MARC details
000 -LEADER
fixed length control field 00645nam a22002052 4500
001 - CONTROL NUMBER
control field 0000007370
005 - DATE AND TIME OF LATEST TRANSACTION
control field 20151217152030.0
008 - FIXED-LENGTH DATA ELEMENTS--GENERAL INFORMATION
fixed length control field 080117s xx 000 0 eng d
020 ## - INTERNATIONAL STANDARD BOOK NUMBER
International Standard Book Number 1853830763 :
Terms of availability KES
040 ## - CATALOGING SOURCE
Original cataloging agency KABU
Transcribing agency KABU
245 10 - TITLE STATEMENT
Title Blueprint 2 :
Remainder of title greening the world economy /
Statement of responsibility, etc. ed. by David Pearce.
260 ## - PUBLICATION, DISTRIBUTION, ETC. (IMPRINT)
Place of publication, distribution, etc. London :
Name of publisher, distributor, etc. Earthscan,
Date of publication, distribution, etc. 1991.
300 ## - PHYSICAL DESCRIPTION
Extent ix, 232 p.
650 #0 - SUBJECT ADDED ENTRY--TOPICAL TERM
Topical term or geographic name as entry element Economic development
General subdivision Environmental aspects.
-- 0000150122
650 #0 - SUBJECT ADDED ENTRY--TOPICAL TERM
Topical term or geographic name as entry element Environmental impact changes.
-- 0000158598
700 1# - ADDED ENTRY--PERSONAL NAME
Personal name Pearce, David.
-- 0000150136
908 ## - PUT COMMAND PARAMETER (RLIN)
Put command parameter 080117
950 ## - LOCAL HOLDINGS (RLIN)
-- 1
Holdings
Withdrawn status Lost status Source of classification or shelving scheme Not for loan Home library Current library Date acquired Total Checkouts Full call number Barcode Date last seen Price effective from Koha item type
    Library of Congress Classification   Kabarak, Main Campus Kabarak, Main Campus 17/12/2015   HD75.6 .B58 011896 02/08/2024 17/12/2015 General Collection